00556nam a22001697a 4500003000600000005001700006008004100023040000800064082001300072245005500085260006200140300003800202440003000240650001800270650005700288650004100345GBCCL20241126110637.0181009b ||||| |||| 00| 0 eng d cgbc a270bCHR aMy Christian heritage : studies in church history  a[Minneapolis, Minn.] : b[Augsburg Publ. House], c[1968] a72 pages : illustrations ; 28 cm. aWord, grace, faith series aConfirmation. a American Lutheran Church (1961-1987) -- Education.  aAmerican Lutheran Church (1961-1987)